000 00361nam a22001457a 4500
003 OSt
008 250611b |||||||| |||| 00| 0 eng d
020 _a9789386956873
100 _a SWAMI, Prabhupada
245 _a Srimadbhagabatam Canto 8
260 _aMumbai
_b The Bhaktivedanta Book Trust
_c2021
300 _a649
650 _aGeneral
942 _2ddc
_cBK
999 _c13655
_d13655